000
00299nam a2200121Ia 4500
008
220204s9999 xx 000 0 und d
082
_a
658.3
_b
DUB
100
_a
Dubin, Robert
245
0
_a
Human relations in administration
250
_a
3
260
_a
New Delhi
_b
Prentice Hall
_c
1970
942
_c
BK
999
_c
22687
_d
22687